000 00487nam a2200157 a 4500
001 000020921
005 20200930011204.0
008 100824s2012 dr c 000 0 spa d
020 _a9789945408645
040 _aDO-SdBNP
_bspa
_cBNPHU
100 1 _aLuna, Ramón de
_d1932-
_943842
245 1 0 _aVivencias /
_cRamón de Luna.
260 _aSanto Domingo :
_bArgos,
_c2012.
300 _a204 p. :
_bretr. ;
_c24 cm.
500 _aIncluye datos biográficos del autor en la solapa de la cubierta
999 _c20424
_d20424